000 01425nam a2200409 i 4500
001 21130
003 KOSZ 005
005 20200505113135.0
008 131002s1980 pl a f |000 0 pol
040 _aWA N
_cWA N
_dKOSZ 005/HR
046 _k1982
080 _a628.1/.3
245 0 0 _aWodociągi i kanalizacja /
_c[red. nauk. Wojciech Jacyno].
260 _aWarszawa :
_bWydawnictwo Arkady,
_c1982.
300 _a331, [1] s. :
_bil. ;
_c24 cm.
336 _2rdacontent
_aTekst
_btxt
337 _2rdamedia
_aBez urządzenia pośredniczącego
_bn
338 _2rdacarrier
_aWolumin
_bnc
380 _aKsiążki
388 _a1901-2000
388 _a1945-1989
490 1 _aNowa Technika w Inżynierii Sanitarnej ;
_v15.
504 _aBibliogr. przy pracach.
536 _aWspółfinansowanie: Ministerstwo Budownictwa i Przemysłu Materiałów Budowlanych.
650 4 _aKąpieliska.
658 _aInżynieria i technika
650 4 _aŚcieki
650 4 _aOczyszczanie ścieków
650 4 _aKanalizacja
650 4 _aBiodegradacja
650 4 _aBaseny pływackie
700 _aJacyno, Wojciech.
_eRedakcja
710 2 _aWydawnictwo "Arkady".
_4pbl.
830 0 _aNowa Technika w Inżynierii Sanitarnej ;
_v15.
856 _uhttp://koha.tu.koszalin.pl/cgi-bin/koha/opac-detail.pl?biblionumber=21130
_yKatalog online BPK
942 _2UKD
_cKS
999 _c21130
_d21130